Southville International School and Colleges
Your cart is empty.
  • Cart
  • Lists
    Public lists Eva Luna New books Lux_list list_1
    Your lists Log in to create your own lists
  • Log in to your account
  • Your cookies
  • Search history
Southville International School and Colleges
  • Advanced search
  • Recent comments
  • Most popular
  • Libraries

Log in to your account

Log in with GOOGLE


If you do not have an external account, but do have a local account, you can still log in:

  1. Home
  2. MARC view: Two become one /
Normal view MARC view ISBD view

Two become one / (Record no. 8625)

[ view plain ]
MARC details
000 -LEADER
fixed length control field 00495nam a22001817a 4500
003 - CONTROL NUMBER IDENTIFIER
control field SISC
005 - DATE AND TIME OF LATEST TRANSACTION
control field 20160404102738.0
008 - FIXED-LENGTH DATA ELEMENTS--GENERAL INFORMATION
fixed length control field 130814t xxu||||| |||| 00| 0 eng d
050 ## - LIBRARY OF CONGRESS CALL NUMBER
Classification number HQ 734
Item number .P484 1973
082 ## - DEWEY DECIMAL CLASSIFICATION NUMBER
Classification number HS 248.3
Item number P44 1973
100 ## - MAIN ENTRY--PERSONAL NAME
Personal name Petersen, J. Allan
9 (RLIN) 10437
245 ## - TITLE STATEMENT
Title Two become one /
Statement of responsibility, etc J. Allan Petersen
260 ## - PUBLICATION, DISTRIBUTION, ETC. (IMPRINT)
Place of publication, distribution, etc Metro Manila, Philippines :
Name of publisher, distributor, etc O.M.F.,
Date of publication, distribution, etc c1973.
300 ## - PHYSICAL DESCRIPTION
Extent 111 p. :
Dimensions 18 cm.
650 ## - SUBJECT ADDED ENTRY--TOPICAL TERM
Topical term or geographic name as entry element Marriages
9 (RLIN) 10438
942 ## - ADDED ENTRY ELEMENTS (KOHA)
Source of classification or shelving scheme Library of Congress Classification
Koha item type Books
Holdings
Withdrawn status Lost status Source of classification or shelving scheme Damaged status Home library Current library Shelving location Date acquired Total Checkouts Full call number Barcode Date last seen Copy number Price effective from Koha item type
    Library of Congress Classification   Luxembourg Library Luxembourg Library High School Section 08/14/2013   HQ 734 .P484 1973 9861 04/04/2016 1 08/14/2013 Books

Two become one /

APA

Petersen J. A., . (1973). Two become one. Metro Manila, Philippines: O.M.F.

Chicago

Petersen J Allan, . 1973. Two become one. Metro Manila, Philippines: O.M.F.

Harvard

Petersen J. A., . (1973). Two become one. Metro Manila, Philippines: O.M.F.

MLA

Petersen J Allan, . Two become one. Metro Manila, Philippines: O.M.F. 1973.

  • Place hold
  • Print
  • Cite
  • Add to your cart (remove)
  • Save record
    BIBTEX Dublin Core MARCXML MARC (non-Unicode/MARC-8) MARC (Unicode/UTF-8) MARC (Unicode/UTF-8, Standard) MODS (XML) RIS
  • More searches
    Search for this title in:
    Other Libraries (WorldCat) Other Databases (Google Scholar) Online Stores (Bookfinder.com) Open Library (openlibrary.org)

Exporting to Dublin Core...

SOUTHVILLE LIBRARY

Southville International School and Colleges Library

1281 Tropical Ave. Cor. Luxembourg St., BF Homes International, Las Pinas City

Tel. No. 8256374 / 252358 Loc. 117/146

Powered by Koha